| 000 | 00680nam a2200181 i 4500 | ||
|---|---|---|---|
| 001 | 186617 | ||
| 003 | ES-MaACL | ||
| 005 | 20230906222716.0 | ||
| 008 | 161209q1870 xxu |||| | eng d | ||
| 100 | 1 |
_aJarvis, Edward ( _d1803-1884) _966146 |
|
| 245 | 1 | 0 |
_aProper provision for the insane / _c[ Edward Jarvis]. |
| 260 |
_a[Boston : _bs.n., _c1870?] |
||
| 300 |
_a20 p. ; _c20 cm. |
||
| 594 | _aTítulo tomado de principio del texto, sin portada. | ||
| 595 | _aDatos completados con el Catálogo de la Biblioteca del Congreso de EE. UU. | ||
| 650 | 0 | 4 |
_aHospitales psiquiátricos. _913485 |
| 852 |
_aES-MaACL _jT-473-F-11 _q- Falto de cub. original _z- Enc. en un vol. facticio |
||
| 999 |
_c186617 _d186617 |
||